| Поле | Инд. | ПП | Название | Значение |
|---|---|---|---|---|
| Тип записи | a | |||
| Библиографический уровень | b | |||
| 001 | Контрольный номер | RU/IS/BASE/114872802 | ||
| 005 | Дата корректировки | 20200610181705.7 | ||
| 084 | a | Индекс другой классификации/Индекс ББК | 88.415; 88.93; 88.61 | |
| 100 | 1_ | a | Автор | Васильева О. С. |
| q | Полное имя | Васильева Ольга Семеновна | ||
| 100 | 1_ | a | Автор | Филатов Ф. Р. |
| q | Полное имя | Филатов Филипп Робертович | ||
| 245 | a | Заглавие | Этапы индивидуальной психокоррекции детей и подростков "группы риска" | |
| 650 | a | Основная рубрика | возрастная психология | |
| a | Основная рубрика | детская психология | ||
| a | Основная рубрика | педагогическая психология | ||
| a | Основная рубрика | практическая психология (прикладная психология) | ||
| a | Основная рубрика | психокоррекция | ||
| a | Основная рубрика | психология | ||
| 653 | a | Ключевые слова | группы риска | |
| a | Ключевые слова | дети | ||
| a | Ключевые слова | индивидуальная психокоррекция | ||
| a | Ключевые слова | медико-социальная коррекция | ||
| a | Ключевые слова | девиантное поведение | ||
| a | Ключевые слова | подростки | ||
| a | Ключевые слова | психологи | ||
| a | Ключевые слова | психологическая помощь | ||
| a | Ключевые слова | психологический тренинг | ||
| a | Ключевые слова | психология воспитания | ||
| a | Ключевые слова | психолого-педагогическая коррекция | ||
| a | Ключевые слова | психотерапевтические методы | ||
| a | Ключевые слова | психотерапия | ||
| a | Ключевые слова | социализация подростков | ||
| a | Ключевые слова | социальная адаптация | ||
| 773 | t | Заглавие источника | Вестник психосоциальной и коррекционно-реабилитационной работы | |
| d | Дата издания источника | 1999 | ||
| g | Прочая информация | № 3. - С. 38 - 44 | ||
| w | Контрольный № источника | RU/IS/BASE/119011552 | ||
| 901 | t | Тип документа | b |